000 00938nam a2200289 a 4500
001 000012172
003 DO-SdBPM
005 20250204063003.0
008 091106s1994 dr 000 j spa d
040 _aDO-SdBPM
_bspa
_cBPMSU
082 4 _aRD863.4
_bD542o 1994
_222
100 1 _aDíaz, Vigil,
_d1880-1961
100 z _aVigil Díaz, Otilio Andrés Marcelino Celestino,
_d1880-1961
245 1 0 _aOregano :
_bcuentos criollos /
_cVigil Díaz ; prólogo Rafael Américo Henríquez.
250 _a2a. ed.
260 _aSanto Domingo :
_bEditora Taller,
_c1994.
300 _a151 p. ;
_c19 cm.
490 0 _aBiblioteca Taller,
_v298
590 _aInventariado, 2025/VM
650 4 _aCuentos dominicanos
650 4 _aLiteratura dominicana.
650 z _aShort stories, Dominican
650 z _aDominican literature
700 1 _aHenríquez, Rafael Américo
_eprólogo
910 _aValidado. Control de calidad BPMSU
942 _2ddc
_cBK
999 _c14037
_d14037